| 000 | 00645nam a22001937a 4500 | ||
|---|---|---|---|
| 005 | 20170502165206.0 | ||
| 010 | _aENG-118002 | ||
| 020 |
_a9780199463800 _c895.00 |
||
| 020 |
_a0199463808 _c895.00 |
||
| 035 | _aEN-101534 | ||
| 082 | 0 | 4 |
_a327.54 _223 |
| 245 | 0 | 4 |
_aThe Agartala doctrine : _ba proactive Northeast in Indian foreign policy / _cedited by Subir Bhaumik. |
| 250 | _aFirst edition. | ||
| 260 |
_aNew Delhi _bOxford University Press _c2016 |
||
| 300 |
_axvi, 344 pages ; _c23 cm |
||
| 500 | _aIncludes bibliographical references and index. | ||
| 700 | 1 |
_aBhaumik, Subir, _eeditor. |
|
| 942 |
_2ddc _cEN _h327.54 _mAGA |
||
| 999 |
_c139440 _d139440 |
||